English Royal Relatives - Statistics

General Stats
  • This quiz has been taken 100 times
  • The average score is 13 of 22
Answer Stats
Hint Answer % Correct
Henry 8th Elizabeth 1st Father
99%
Richard 3rd Edward 4th Brother
84%
Mary 1st Elizabeth 1st Half Sister
84%
Edward 7th Elizabeth 2nd Great Grandfather
67%
James 1st Charles 2nd Grandfather
63%
Edward 8th Elizabeth 2nd Uncle
63%
Richard 1st John Brother
62%
William 1st Henry 1st Father
62%
William 3rd Mary 2nd Husband
61%
James 2nd Charles 2nd Brother
58%
Victoria William 4th Niece
58%
Charles 1st James 1st Son
58%
Henry 5th Henry 4th Son
58%
Victoria George 4th Niece
53%
Charles 1st Anne Grandfather
50%
Edward 6th Henry 7th Grandson
50%
George 3rd George 2nd Grandson
50%
George 3rd William 4th Father
47%
William 2nd Henry 1st Brother
45%
Edward 3rd Richard 2nd Grandfather
39%
Richard 2nd Henry 4th Cousin
38%
William 3rd James 2nd Son in law
36%
No matching quizzes found
Score Distribution
Percent of People with Each Score
Percentile by Number Answered
Your Score History
You have not taken this quiz